Geografia con la lettera "M" - Statistics

Statistiche generali
  • Questo quiz è stato fatto 78 volte
  • Il punteggio medio è 61 su 114
Statistiche sulle risposte
Suggerimento Risposta % Corretto
Capitale della Spagna Madrid
98%
Paese con capitale Skopje Macedonia del Nord
97%
Provincia della regione Marche (Italia) Macerata
92%
Regione con capoluogo Ancona (Italia) Marche
92%
Paese con capitale Antananarivo Madagascar
90%
Paese con capitale La Valletta Malta
90%
Paese con capitale Rabat Marocco
90%
Provincia della regione Toscana (Italia) Massa-Carrara
90%
Provincia della regione Basilicata (Italia) Matera
89%
Capitale del Principato di Monaco Monaco
89%
Capitale delle Maldive Malé
87%
Capoluogo della regione Lombardia (Italia) Milano
87%
Secondo lago più esteso d'Italia Maggiore
85%
Paese con capitale Kuala Lumpur Malaysia
85%
Provincia della regione Lombardia (Italia) Mantova
85%
Mare tra Europa ed Africa Mediterraneo
84%
Città più popolosa del New Hampshire (USA) | Terza città più popolosa del Regno Unito Manchester
82%
Provincia della regione Sicilia (Italia) Messina
82%
Regione con capoluogo Campobasso (Italia) Molise
82%
Capitale delle Filippine Manila
81%
Stretto di mare tra Regno Unito e Francia Manica
79%
Stato con capitale Boston (USA) Massachusetts
79%
Paese con capitale Città del Messico Messico
79%
Provincia della regione Emilia-Romagna (Italia) Modena
79%
Paese con capitale Chișinău Moldavia
79%
Provincia della regione Lombardia (Italia) Monza e Brianza
79%
Capitale della Russia Mosca
79%
Stato con capitale Saint Paul (USA) Minnesota
77%
Paese con capitale Podgorica Montenegro
77%
Stato insulare con capitale Malé Maldive
76%
Città più famosa della Florida (USA) Miami
76%
Paese con capitale Bamako Mali
74%
Paese con capitale Ulan Bator Mongolia
73%
Capitale dell'Uruguay Montevideo
73%
Isola nota per il suo vetro, Veneto (Italia) Murano
73%
Regione storica del Medio Oriente tra i fiumi Tigri e Eufrate Mesopotamia
71%
Capitale della Bielorussia Minsk
71%
Sito archeologico Inca, patrimonio dell'UNESCO (Perù) Machu Picchu
69%
Terza città più popolosa della Svezia Malmö
69%
Paese con capitale Maputo Mozambico
69%
Stato con capitale Augusta (USA) Maine
66%
Regione geografica collinare tra Toscana e Lazio (Italia) Maremma
66%
Seconda città più popolosa dell’Australia Melbourne
66%
Capoluogo della regione Provenza-Alpi-Costa Azzurra (Francia) Marsiglia
65%
Stato con capitale Helena (USA) Montana
65%
Città nota per il suo liquore, Sicilia (Italia) 70k abitanti Marsala
63%
Stato con capitale Lansing (USA) Michigan
63%
Capitale della Somalia Mogadiscio
63%
Paese con capitale Lilongwe Malawi
60%
Stato con capitale Jackson (USA) Mississippi
60%
Stato con capitale Jefferson City (USA) Missouri
60%
Capoluogo della regione Baviera (Germania) Monaco di Baviera
60%
Isola nota per essere l'ambientazione del romanzo: "il Conte di M...", Toscana (Italia) Montecristo
60%
Città nota per il suo cioccolato, Sicilia (Italia) 50k abitanti Modica
58%
Capitale del Nicaragua Managua
56%
Paese con capitale Nouakchott Mauritania
56%
Città più popolosa dell’India Mumbai
56%
Capitale del Bahrein Manama
55%
Comune noto per il suo vino (Brunello); Toscana (Italia) Montalcino
55%
Seconda città più popolosa del Canada Montréal
55%
Regione storico-geografica tra Cina e Russia Manciuria
52%
Capitale del Mozambico Maputo
52%
Isola nota come meta turistica (Grecia) Mykonos
52%
Area geografica e culturale del Nord Africa Maghreb
50%
Città nota per la sua Medina patrimonio dell'UNESCO (Marocco) Marrakech
50%
Stato con capitale Annapolis (USA) Maryland
50%
Paese con capitale Port Louis Mauritius
50%
Capitale dell'Oman Mascate
48%
Regione con capoluogo Murcia (Spagna) Murcia
47%
Paese con capitale Palikir Micronesia
45%
Seconda città più popolosa della Colombia Medellín
44%
Paese con capitale Naypyidaw Myanmar
44%
Regione autonoma (Cina) Macao
42%
Città più popolosa del Minnesota (USA) Minneapolis
42%
Capitale della Liberia Monrovia
40%
Città in provincia di Bari in Puglia (Italia) 50k abitanti Molfetta
39%
Montagna più alta del Veneto Marmolada
37%
Città in provincia di Foggia in Puglia (Italia) 50k abitanti Manfredonia
35%
Comune noto per il suo vino; Toscana (Italia) Montepulciano
35%
Isola d’oltremare (Francia) Martinica
34%
Capitale del Wisconsin (USA) Madison
32%
Seconda città più popolosa del Kenya Mombasa
31%
Capitale del Lesotho Maseru
29%
Capitale dell'eSwatini Mbabane
29%
Regione storico-geografica del Piemonte (Italia) Monferrato
29%
Capoluogo della regione Renania-Palatinato (Germania) Magonza
27%
Regione con capoluogo Winnipeg (Canada) Manitoba
27%
Fiume più lungo dell'Indocina Mekong
27%
Città autonoma in Marocco (Spagna) Melilla
27%
Città in provincia di Torino in Piemonte (Italia) 50k abitanti Moncalieri
27%
Capitale delle Comore Moroni
27%
Mare tra Mar Egeo e Mar Nero Marmara
26%
Seconda città più popolosa del Venezuela Maracaibo
24%
Provincia della regione Sardegna (Italia) Medio Campidano
21%
Terza città più popolosa del Messico Monterrey
21%
Capoluogo della regione Sassonia-Anhalt (Germania) Magdeburgo
19%
Vulcano più voluminoso del mondo; Hawaii (USA) Mauna Loa
19%
Capitale dell'Alabama (USA) Montgomery
19%
Capitale delle Isole Marshall Majuro
18%
Arcipelago d'oltremare (USA) Marianne Settentrionali
18%
Ex Capitale della Guinea Equatoriale Malabo
16%
Penisola a Sud dell'Indocina Malacca
16%
Città più popolosa del Tennessee (USA) Memphis
16%
Isola d'oltremare (Francia) Mayotte
15%
Montagna più alta del Nord America (chiamata anche Denali) McKinley
13%
Capoluogo della regione Estremadura (Spagna) Mérida
11%
Città più popolosa del Wisconsin (USA) Milwaukee
11%
Capitale del Vermont (USA) Montpelier
11%
Città in provincia di Napoli in Campania (Italia) 50k abitanti Marano di Napoli
8%
Isola d’oltremare (Regno Unito) Montserrat
8%
Fiume più lungo dell'Oceania Murray
8%
Regione con capoluogo Schwerin (Germania) Meclemburgo-Pomerania Anteriore
6%
Città in provincia di Pescara in Abruzzo (Italia) 50k abitanti Montesilvano
5%
Nessun quiz corrispondente trovato
Distribuzione punteggi
Percentuale di utenti per punteggio
Percentile per numero di risposta
I tuoi punteggi nel tempo
Non hai fatto questo quiz